Statistics for Animals by Foot

Click here to take the quiz!

General Stats

  • This quiz has been taken 25 times
  • The average score is 11 of 15

Answer Stats

Answer% Correct
Horse
100%
Tiger
95%
Lion
90%
Eagle
86%
Flamingo
86%
Chicken
81%
Turtle
81%
Cheetah
76%
Jaguar
76%
Wolf
76%
Komodo Dragon
57%
Deer
52%
Fox
38%
Cockroach
29%
Owl
29%

Score Distribution

Percentile by Number Answered

Percent of People with Each Score

Your Score History

You have not taken this quiz